书目信息 |
| 题名: |
中国网络社会研究报告
|
|
| 作者: | 刘少杰 主编 | |
| 分册: | 新冠肺炎疫情防控专题 | |
| 出版信息: | 北京 中国人民大学出版社 2021.12 |
|
| 页数: | 182页 | |
| 开本: | 26cm | |
| 丛书名: | 中国人民大学研究报告系列 | |
| 单 册: | ||
| 中图分类: | D669.4 | |
| 科图分类: | ||
| 主题词: | 计算机网络--ji suan ji wang luo--社会问题--研究报告--中国--2020 | |
| 电子资源: | ||
| ISBN: | 978-7-300-30049-8 | |
| 000 | 01510nam 2200301 450 | |
| 001 | 26374 | |
| 005 | 20220920111514.29 | |
| 010 | @a978-7-300-30049-8@dCNY42.00 | |
| 100 | @a20211223d2021 em y0chiy50 ea | |
| 101 | 0 | @achi |
| 102 | @aCN@b110000 | |
| 105 | @aa a 000yy | |
| 200 | 1 | @a中国网络社会研究报告@Azhong guo wang luo she hui yan jiu bao gao@e2020@i新冠肺炎疫情防控专题@d= Study report of internet society in China@iIssue of covid-19 prevention and control@f主编刘少杰@zeng |
| 210 | @a北京@c中国人民大学出版社@d2021.12 | |
| 215 | @a182页@c图@d26cm | |
| 225 | 2 | @a中国人民大学研究报告系列@Azhong guo ren min da xue yan jiu bao gao xi lie |
| 314 | @a刘少杰, 中国人民大学社会学理论与方法研究中心教授、博士研究生导师, 安徽大学讲席教授。 | |
| 320 | @a有书目 | |
| 330 | @a本报告聚焦于2020年初暴发的新型冠状病毒肺炎疫情及其防控治理。报告从多个层面展开: 一是以问卷调查的方式分析疫情心态网络化的不确定风险与应对策略 ; 二是从空间、治理等方面对疫情防控进行社会学理论分析 ; 三是对疫情防控中的案例或典型事件进行社会学讨论。 | |
| 410 | 0 | @12001 @a中国人民大学研究报告系列 |
| 510 | 1 | @aStudy report of internet society in China@h2020@iIssue of covid-19 prevention and control@zeng |
| 517 | 1 | @a新冠肺炎疫情防控专题@Axin guan fei yan yi qing fang kong zhuan ti |
| 517 | 1 | @a2020 |
| 606 | 0 | @a计算机网络@Aji suan ji wang luo@x社会问题@x研究报告@y中国@z2020 |
| 690 | @aD669.4@v5 | |
| 701 | 0 | @a刘少杰@Aliu shao jie@4主编 |
| 801 | 0 | @aCN@c20220910 |
| 905 | @a河南城建学院图书馆@dD669.4@eL670@f2 | |
| 中国网络社会研究报告:2020.新冠肺炎疫情防控专题= Study report of internet society in China.Issue of covid-19 prevention and control/主编刘少杰.-北京:中国人民大学出版社,2021.12 |
| 182页:图;26cm.-(中国人民大学研究报告系列) |
| ISBN 978-7-300-30049-8:CNY42.00 |
| 本报告聚焦于2020年初暴发的新型冠状病毒肺炎疫情及其防控治理。报告从多个层面展开: 一是以问卷调查的方式分析疫情心态网络化的不确定风险与应对策略 ; 二是从空间、治理等方面对疫情防控进行社会学理论分析 ; 三是对疫情防控中的案例或典型事件进行社会学讨论。 |
| ● |
| 相关链接 |
|
|
|
正题名:中国网络社会研究报告
索取号:D669.4/L670
 
预约/预借
| 序号 | 登录号 | 条形码 | 馆藏地/架位号 | 状态 | 备注 |
| 1 | 1577409 | 215774099 | 社科库509/509社科库 76排5列1层/ [索取号:D669.4/L670] | 在馆 | |
| 2 | 1577410 | 215774106 | 社科库509/509社科库 76排5列1层/ [索取号:D669.4/L670] | 在馆 |